| 000 | 00652nam a2200217Ii 4500 | ||
|---|---|---|---|
| 001 | 18975 | ||
| 003 | CO-ViMGA | ||
| 008 | 241108s9999||||xx |||||||||||||| ||und|| | ||
| 020 | _a9789588306506 | ||
| 040 |
_aCO-ViMGA _bspa _erda _cCO-ViMGA |
||
| 041 | 0 | _aspa | |
| 082 | 0 | 4 | _aR 641.5946 N28c |
| 100 | 1 |
_aJhon Newton _948540 |
|
| 245 | 1 | 0 |
_aLa comida española : _bun viaje para los amantes de la cocina |
| 264 | 1 | _aBogotá, Colombia : Villegas Editores, 2009 | |
| 300 | _avolumen | ||
| 336 |
_atext _btxt _2rdacontent |
||
| 337 |
_aunmediated _bn _2rdamedia |
||
| 338 |
_avolume _bnc _2rdacarrier |
||
| 940 | _aidficha_siabuc: 18632. -- ficha_no_siabuc:18975 | ||
| 999 |
_c43182 _d43182 |
||